Middle East by Primary Religion - Statistics

General Stats
  • This quiz has been taken 161 times
  • The average score is 14 of 25
Answer Stats
Country Branch % Correct
Afghanistan Sunni Islam
95%
Bahrain Shia Islam
78%
Iran Shia Islam
78%
Iraq Shia Islam
76%
Azerbaijan Shia Islam
74%
Jordan Sunni Islam
70%
Saudi Arabia Sunni Islam
70%
Syria Sunni Islam
70%
Turkey Sunni Islam
70%
Lebanon Shia and Sunni Islam
69%
Kuwait Sunni Islam
69%
Pakistan Sunni Islam
69%
Qatar Sunni Islam
69%
Turkmenistan Sunni Islam
69%
United Arab Emirates Sunni Islam
69%
Yemen Sunni Islam
67%
Kazakhstan Sunni Islam
66%
Tajikistan Sunni Islam
66%
Cyprus Eastern Orthodoxy
42%
Georgia Eastern Orthodoxy
40%
Armenia Oriental Orthodoxy
34%
Oman Ibadi
29%
Israel Hiloni
2%
Kyrgyzstan Nondenominational Islam
0%
Uzbekistan Nondenominational Islam
0%
No matching quizzes found
Score Distribution
Percent of People with Each Score
Percentile by Number Answered
Your Score History
You have not taken this quiz